[One Piece] Vrai nom des membres de Baroque Works en images - Statistiques

Statistiques générales
  • Ce quiz a été pris 71 fois
    57 depuis la dernière actualisation
  • Le résultat moyen est 10 sur 13
Statistiques - réponses
Par images Réponse % Correct
Crocodile
100%
Nico Robin
98%
Nefertari Vivi
88%
Daz Bones
83%
Galdino
80%
Bentham
78%
Igaram
76%
Gem
68%
Zala
63%
Mikita
59%
Marianne
56%
Babe
54%
Drophy
54%
Aucun quiz correspondant
Distribution des résultats
% des personnes avec chaque résultat
Percentile par nombre de réponses
Votre historique - résultats
Vous n’avez pas pris ce quiz depuis la dernière actualisation